000 00591pam a2200193 a 4500
020 _a0471837199
040 _cDLC
082 0 0 _a628 WIL 1989 A055 Or.
100 1 _aWalesh, Stuart G.
245 1 0 _aUrban surface water management /
260 _aNew York :
_bWiley,
_cc1989.
300 _axvii, 518 p. :
_bill. ;
_c24 cm.
500 _a"A Wiley-Interscience publication."
650 0 _aUrban hydrology.
650 0 _aUrban runoff.
856 4 2 _uhttp://www.loc.gov/catdir/description/wiley033/88027704.html
856 4 _uhttp://www.loc.gov/catdir/toc/onix03/88027704.html
942 _cEK
999 _c15365
_d15365